书目信息 |
| 题名: |
玛丽莲花·梦露之谜最新破解
|
|
| 作者: | 钟磊磊 编著 | |
| 分册: | ||
| 出版信息: | 北京 中国世界语出版社 1998.10 |
|
| 页数: | 261页 | |
| 开本: | 32开 | |
| 丛书名: | ||
| 单 册: | ||
| 中图分类: | K837.125.78 | |
| 科图分类: | ||
| 主题词: | 历史 , 地理 | |
| 电子资源: | ||
| ISBN: | 7-5052-0338-X | |
| 000 | 00612nam0 2200205 45 | |
| 001 | 0011021154 | |
| 005 | 20001102211853.0 | |
| 010 | @a7-5052-0338-X@d22.00元 | |
| 100 | @a20001102d1998 km y0chiy0120 ea | |
| 101 | 0 | @achi |
| 105 | @a z 000yy | |
| 200 | 1 | @a玛丽莲花·梦露之谜最新破解@AMa Li Lian Hua·Meng Lu Zhi Mi Zui Xin Po Jie@f钟磊磊编著@FZhong Lei Lei Bian Zhu |
| 210 | @a北京@c中国世界语出版社@d1998.10 | |
| 215 | @a261页@d32开 | |
| 606 | 0 | @a历史 |
| 606 | 0 | @a地理 |
| 690 | @aK837.125.78@v3 | |
| 701 | 0 | @a钟磊磊@4编著 |
| 801 | @aCN@bPftUser@c20001102 | |
| 905 | @b196349-350@dK837.125.78@eZH453@f2 | |
| 玛丽莲花·梦露之谜最新破解/钟磊磊编著.-北京:中国世界语出版社,1998.10 |
| 261页;32开 |
| ISBN 7-5052-0338-X:22.00元 |
| ● |
| 相关链接 |
|
|
|
正题名:玛丽莲花·梦露之谜最新破解
索取号:K837.125.78/ZH453
 
预约/预借
| 序号 | 登录号 | 条形码 | 馆藏地/架位号 | 状态 | 备注 |
| 1 | 196349 | 201963492 | 社科库309/309社科库 5排1列3层/ [索取号:K837.125.78/ZH453] | 在馆 | |
| 2 | 196350 | 201963508 | 社科库309/309社科库 5排1列3层/ [索取号:K837.125.78/ZH453] | 在馆 |